000 00791nam a22002653a 4500
001 16381434
003 OSt
005 20180116183027.0
008 851011s1985 onc 000 1 eng d
010 _a 98816242
020 _a0553252461 (pbk.) :
_c$3.95
035 _a(OCoLC)ocm12662091
040 _aBPT
_cBPT
_dDLC
050 0 0 _aCPB Box no. 1214 vol. 21
082 _a813.54 ROB 1985
100 1 _aRobertson, Charles.
245 1 0 _aRed Chameleon
_cCharles Robertson.
260 _aToronto ;
_aNew York :
_bBantam Books,
_c1985.
300 _a456 p. ;
_c18 cm.
440 _aRed Chameleon
655 7 _aSuspense fiction.
_2gsafd
710 2 _aCopyright Paperback Collection (Library of Congress)
_5DLC
906 _a7
_bcbc
_ccopycat
_d2
_encip
_f19
_gy-genrareb
942 _2ddc
_cBK
999 _c350847
_d350847